000 00471nam a2200181Ia 4500
005 20250603145934.0
008 250603s9999 xx 000 0 und d
020 _a9781032290256
050 _aPN 1995.7 .D66/
100 _aDonnelly, K. J.
245 4 _aThe synergy of music and image in audiovisual culture
260 _aNew York
260 _bRoutledge/Taylor & Francis Group
260 _c2024
300 _avi, 223p. ill.
650 _aNew York
942 _cBK
999 _c43302
_d43302